Statistics for Currencies by S¥mbol

Click here to take the quiz!

General Stats

  • This quiz has been taken 48 times
  • The average score is 17 of 24

Answer Stats

hintcurrency% Correct
euro
96%
£pound
96%
¥yen
94%
$dollar
91%
krkrona
87%
¢cent
85%
Frfranc
83%
złoty (Poland)
83%
krkrone
79%
¥yuan
79%
د.dinar
77%
won (N & S Korea)
72%
Ftforint (Hungary)
68%
shekel
68%
฿baht (Thailand)
66%
$peso
64%
د.dirham
60%
R$real (Brazil)
57%
rupee
57%
koruna (Czechia)
55%
Rrand
55%
dong (Vietnam)
53%
¢centavo
49%
rouble
47%

Score Distribution

Percentile by Number Answered

Percent of People with Each Score

Your Score History

You have not taken this quiz